Alexander Graham Bell : (Record no. 511)

MARC details
000 -LEADER
fixed length control field 01476cam a2200349 a 4500
005 - DATE AND TIME OF LATEST TRANSACTION
control field 20230511152127.0
020 ## - INTERNATIONAL STANDARD BOOK NUMBER
International Standard Book Number 9780060576196 (trade)
020 ## - INTERNATIONAL STANDARD BOOK NUMBER
International Standard Book Number 9780060576189
020 ## - INTERNATIONAL STANDARD BOOK NUMBER
International Standard Book Number 0060576197 (trade)
020 ## - INTERNATIONAL STANDARD BOOK NUMBER
International Standard Book Number 9780060576189 (pbk.)
020 ## - INTERNATIONAL STANDARD BOOK NUMBER
International Standard Book Number 0060576189 (pbk.)
040 ## - CATALOGING SOURCE
Original cataloging agency DLC
Transcribing agency DLC
Modifying agency DLC
-- FISKH
Language of cataloging eng
050 00 - LIBRARY OF CONGRESS CALL NUMBER
Classification number TK6143.B4
Item number A44 2006
082 00 - DEWEY DECIMAL CLASSIFICATION NUMBER
Classification number 621.385092
-- B
Edition number 22
100 ## - MAIN ENTRY--PERSONAL NAME
Personal name Micklos, John
Titles and words associated with a name Jr.
245 00 - TITLE STATEMENT
Title Alexander Graham Bell :
Remainder of title inventor of the telephone /
Statement of responsibility, etc. by the editors of TIME for kids with John Micklos, Jr.
250 ## - EDITION STATEMENT
Edition statement 1st ed.
260 ## - PUBLICATION, DISTRIBUTION, ETC.
Place of publication, distribution, etc. New York :
Name of publisher, distributor, etc. HarperCollins Publishers,
Date of publication, distribution, etc. 2006.
300 ## - PHYSICAL DESCRIPTION
Extent 44 pages :
Other physical details color illustrations ;
Dimensions 23 cm.
490 0# - SERIES STATEMENT
Series statement Time for kids biographies
505 ## - FORMATTED CONTENTS NOTE
Formatted contents note M
520 ## - SUMMARY, ETC.
Summary, etc. Take a close-up look at Alexander Graham Bell, an inventor and teacher of the deaf. Interviews with experts and lively writing deliver the accurate reporting you expect from TIME For Kids. Historical and contemporary photographs capture the life of this compassionate man and show how his innovative inventions still help us today.
521 1# - TARGET AUDIENCE NOTE
Target audience note 780 <br/>
Source Lexile
521 1# - TARGET AUDIENCE NOTE
Target audience note M <br/>
Source Raz-Plus
650 #0 - SUBJECT ADDED ENTRY--TOPICAL TERM
Topical term or geographic name entry element Inventors
Geographic subdivision United States
Form subdivision Biography
-- Juvenile literature.
650 #0 - SUBJECT ADDED ENTRY--TOPICAL TERM
Topical term or geographic name entry element Telephone
Geographic subdivision United States
General subdivision History
Form subdivision Juvenile literature.
700 1# - ADDED ENTRY--PERSONAL NAME
Personal name Micklos, John,
Titles and other words associated with a name Jr.
906 ## - LOCAL DATA ELEMENT F, LDF (RLIN)
a 7
b cbc
c orignew
d 1
e ecip
f 20
g y-gencatlg
942 ## - ADDED ENTRY ELEMENTS (KOHA)
Source of classification or shelving scheme Dewey Decimal Classification
Koha item type Books
Suppress in OPAC No
999 ## -
-- 511
-- 511
Holdings
Withdrawn status Lost status Source of classification or shelving scheme Damaged status Not for loan Collection Home library Current library Shelving location Date acquired Total Checkouts Full call number Barcode Date last seen Date last checked out Price effective from Koha item type
    Dewey Decimal Classification     Non-Fiction Footprints International School Library Network Toul Kork Campus Footprints International School Library Network Toul Kork Campus TK Primary Library Room(4th Floor), Bookcase 5&6, Shelves 33-56, Orange Books 05/11/2023 2 MIC 621.385092 TK6143.B4 FISTK01719 11/22/2023 09/27/2023 05/11/2023 Books